[Event "BRA-ch Amateur U1600"]
[Site "Sao Paulo"]
[Date "2019.06.23"]
[Round "7"]
[White "Salama, Henrique Eric"]
[Black "Campora, Felipe Marques"]
[Result "1/2-1/2"]
[WhiteElo "1598"]
[BlackElo "1220"]
[PlyCount "49"]
[EventDate "2019.06.20"]
[EventType "swiss"]
[EventRounds "7"]
[EventCountry "BRA"]
[SourceTitle "CBM 195 Extra"]
[Source "ChessBase"]
[SourceDate "2020.05.31"]
[SourceVersion "1"]
[SourceVersionDate "2020.05.31"]
[SourceQuality "1"]

1. d4 e6 2. Nf3 f5 3. e3 d5 4. c4 Nf6 5. Nc3 c6 6. Bd3 Nbd7 7. a3 Ne4 8. cxd5 exd5 9. Qc2 Ndf6 10. h3 Qe7 11. b4 g6 12. Na4 Bg7 13. Bb2 0-0 14. 0-0 Bd7 15. Nc5 Nxc5 16. Qxc5 Qxc5 17. bxc5 Ne4 18. Rad1 Rab8 19. Rb1 b6 20. cxb6 Rxb6 21. Ba1 Rfb8 22. Rxb6 Rxb6 23. Rb1 c5 24. Rxb6 axb6 25. Ba6 1/2-1/2

[Event "BRA-ch Amateur U1600"]
[Site "Sao Paulo"]
[Date "2019.06.21"]
[Round "3"]
[White "Salama, Henrique Eric"]
[Black "Guedes, Lucas Caiche"]
[Result "1-0"]
[WhiteElo "1598"]
[BlackElo "1203"]
[PlyCount "59"]
[EventDate "2019.06.20"]
[EventType "swiss"]
[EventRounds "7"]
[EventCountry "BRA"]
[SourceTitle "CBM 195 Extra"]
[Source "ChessBase"]
[SourceDate "2020.05.31"]
[SourceVersion "1"]
[SourceVersionDate "2020.05.31"]
[SourceQuality "1"]

1. d4 Nf6 2. Nf3 g6 3. c4 Bg7 4. e3 0-0 5. Bd3 c6 6. Nc3 d5 7. h3 Be6 8. cxd5 Nxd5 9. 0-0 Nxc3 10. bxc3 Qb6 11. Qc2 c5 12. Rb1 Qc6 13. Qb2 Bd5 14. e4 Bxe4 15. Bxe4 Qxe4 16. Re1 Qc6 17. Rxe7 Nd7 18. Qxb7 Qxb7 19. Rxb7 Rfd8 20. Rexd7 Rxd7 21. Rxd7 Rc8 22. Be3 cxd4 23. Bxd4 Bxd4 24. cxd4 Rc1+ 25. Kh2 Rc2 26. Rxa7 Rxf2 27. a4 f5 28. a5 g5 29. Nxg5 h6 30. Nf3 1-0

[Event "BRA-ch Amateur U1800"]
[Site "Sao Paulo"]
[Date "2018.06.01"]
[Round "3"]
[White "Salama, Henrique Eric"]
[Black "Almeida Silva, Emiliano Piskator"]
[Result "0-1"]
[WhiteElo "1629"]
[BlackElo "1734"]
[PlyCount "90"]
[EventDate "2018.05.31"]
[EventType "swiss"]
[EventRounds "7"]
[EventCountry "BRA"]
[SourceTitle "EXT 2021"]
[Source "ChessBase"]
[SourceDate "2020.10.23"]
[SourceVersion "1"]
[SourceVersionDate "2020.10.23"]
[SourceQuality "1"]

1. d4 Nf6 2. Nf3 g6 3. e3 Bg7 4. c4 0-0 5. Be2 c5 6. 0-0 d6 7. h3 Na6 8. Nc3 Nc7 9. Qd2 cxd4 10. exd4 d5 11. c5 Ne4 12. Qe3 f5 13. Nd2 e5 14. dxe5 d4 15. Qd3 dxc3 16. Qxd8 Rxd8 17. Nxe4 fxe4 18. bxc3 Bxe5 19. Bb2 Rd2 20. Bc4+ Be6 21. Bxe6+ Nxe6 22. Rab1 Nxc5 23. Rfe1 Rxb2 24. Rxb2 Bxc3 25. Rc2 Bxe1 26. Rxc5 Rf8 27. Rc2 Bxf2+ 28. Rxf2 Rxf2 29. Kxf2 Kf7 30. Ke3 Ke6 31. Kxe4 g5 32. g4 h6 33. a4 b6 34. Kd4 a6 35. Ke4 b5 36. axb5 axb5 37. Kd4 b4 38. Kc4 b3 39. Kxb3 Ke5 40. Kc4 Kf4 41. Kd5 Kg3 42. Ke5 Kxh3 43. Kf5 Kh4 44. Kg6 Kxg4 45. Kxh6 Kh4 0-1

[Event "Sao Paulo Salles Cup 11th"]
[Site "Sao Paulo"]
[Date "2017.03.26"]
[Round "6"]
[White "Salama, Henrique Eric"]
[Black "Zmetek, Marcos Simao"]
[Result "0-1"]
[WhiteElo "1670"]
[BlackElo "1373"]
[PlyCount "102"]
[EventDate "2017.03.24"]
[EventType "swiss (blitz)"]
[EventRounds "6"]
[EventCountry "BRA"]
[SourceTitle "CBM 177 Extra"]
[Source "ChessBase"]
[SourceDate "2017.04.27"]
[SourceVersion "1"]
[SourceVersionDate "2017.04.27"]
[SourceQuality "1"]

1. d4 d5 2. Nf3 e6 3. c4 dxc4 4. Qa4+ Nc6 5. Qxc4 Nf6 6. e3 Be7 7. Bd3 0-0 8. 0-0 Qd5 9. Qc2 Nb4 10. Qxc7 Bd6 11. Qc4 Qxc4 12. Bxc4 Nc2 13. Nc3 Nxa1 14. Bd2 Nc2 15. Nb5 Be7 16. a3 Ne4 17. Bd3 Nxd2 18. Nxd2 Nxd4 19. Nxd4 Bf6 20. N2f3 Rd8 21. Rd1 Bd7 22. Bc4 Rac8 23. b3 Bc6 24. Kf1 Bxf3 25. gxf3 Bxd4 26. exd4 Kf8 27. Ke2 Ke7 28. Ke3 a6 29. a4 b5 30. axb5 axb5 31. Bxb5 Rc3+ 32. Rd3 Rxd3+ 33. Bxd3 Rc8 34. Bc4 Kd6 35. Ke4 Ra8 36. f4 Ra2 37. Kf3 Ra1 38. Kg2 Rd1 39. Kf3 Rxd4 40. Ke3 Rd1 41. Kf3 Re1 42. Kg3 f6 43. Kf3 e5 44. fxe5+ Rxe5 45. Kg2 h5 46. h3 g5 47. f3 f5 48. Kg3 h4+ 49. Kg2 Ra5 50. Kf2 Ra2+ 51. Be2 Rb2 0-1

[Event "Sao Paulo Salles Cup 11th"]
[Site "Sao Paulo"]
[Date "2017.03.25"]
[Round "4"]
[White "Salama, Henrique Eric"]
[Black "Katsuyama, Eric Shih"]
[Result "1-0"]
[WhiteElo "1670"]
[BlackElo "1053"]
[PlyCount "75"]
[EventDate "2017.03.24"]
[EventType "swiss (blitz)"]
[EventRounds "6"]
[EventCountry "BRA"]
[SourceTitle "CBM 177 Extra"]
[Source "ChessBase"]
[SourceDate "2017.04.27"]
[SourceVersion "1"]
[SourceVersionDate "2017.04.27"]
[SourceQuality "1"]

1. d4 Nf6 2. Nf3 g6 3. c4 Bg7 4. e3 0-0 5. Be2 d5 6. 0-0 Nbd7 7. Nc3 c6 8. Qb3 Qa5 9. Bd2 dxc4 10. Bxc4 b5 11. Nxb5 Qb6 12. Nc3 Ba6 13. Bxa6 Qxa6 14. Rfc1 Rab8 15. Qa4 Qxa4 16. Nxa4 Ne4 17. Rxc6 Nxd2 18. Nxd2 Rb4 19. b3 e5 20. d5 Nb6 21. Nxb6 axb6 22. Rac1 Rb5 23. d6 Rd5 24. Ne4 Rd8 25. Rc8 Rxc8 26. Rxc8+ Bf8 27. Nf6+ Kg7 28. Nxd5 Bxd6 29. Nxb6 f5 30. a4 Bb4 31. Nd5 Ba5 32. Rc5 Bd8 33. a5 Kf7 34. a6 Be7 35. Nxe7 Kxe7 36. a7 Kd6 37. Rc8 Kd5 38. a8Q+ 1-0

[Event "Sao Paulo Hebraica 12th"]
[Site "Sao Paulo"]
[Date "2015.08.16"]
[Round "3.2"]
[White "Salama, Henrique Eric"]
[Black "Capelo, Martinho Figueira"]
[Result "0-1"]
[WhiteElo "1717"]
[BlackElo "1853"]
[PlyCount "54"]
[EventDate "2015.08.15"]
[EventType "tourn"]
[EventRounds "9"]
[EventCountry "BRA"]
[SourceTitle "EXT 2022"]
[Source "ChessBase"]
[SourceDate "2021.10.06"]
[SourceVersion "1"]
[SourceVersionDate "2021.10.06"]
[SourceQuality "1"]

1. d4 e6 2. c4 b6 3. Nf3 Bb7 4. e3 f5 5. Nc3 Bb4 6. a3 Bxc3+ 7. bxc3 Nf6 8. Be2 Be4 9. Bb2 0-0 10. 0-0 Nc6 11. Bd3 Qe8 12. h3 Qg6 13. Bxe4 Nxe4 14. Nh2 Na5 15. Qe2 Nd6 16. c5 bxc5 17. dxc5 Ne4 18. Qb5 Nc6 19. Rad1 Rab8 20. Qe2 Nxc5 21. Ba1 d6 22. c4 Rb3 23. h4 e5 24. f4 e4 25. Bb2 Qg3 26. Rfe1 Nd3 27. Qc2 Rxb2 0-1

[Event "Sao Paulo op-B U2050"]
[Site "Sao Paulo"]
[Date "2014.04.06"]
[Round "5"]
[White "Wieth, Kelvin Eduardo"]
[Black "Salama, Henrique Eric"]
[Result "1-0"]
[WhiteElo "1876"]
[BlackElo "1726"]
[PlyCount "47"]
[EventDate "2014.04.03"]
[EventType "swiss"]
[EventRounds "6"]
[EventCountry "BRA"]
[SourceTitle "CBM 159 Extra"]
[Source "ChessBase"]
[SourceDate "2014.04.24"]
[SourceVersion "1"]
[SourceVersionDate "2014.04.24"]
[SourceQuality "1"]

1. e4 e5 2. f4 exf4 3. Nf3 Nc6 4. Bc4 h6 5. d4 d6 6. Bxf4 Bg4 7. 0-0 Qf6 8. Be3 0-0-0 9. c3 Qe7 10. Nbd2 f5 11. Qe1 fxe4 12. Nh4 g5 13. Ng6 Qg7 14. Nxh8 Qxh8 15. Qg3 Bd7 16. Nxe4 Qh7 17. Nf6 Nxf6 18. Rxf6 Be7 19. Rf7 Qg6 20. Raf1 a6 21. Bd5 Re8 22. R7f2 Qg7 23. b4 Qg6 24. Bf7 1-0

[Event "Sao Paulo Politechnic School 3rd"]
[Site "Sao Paulo"]
[Date "2013.01.17"]
[Round "8"]
[White "Van Riemsdijk, Marius Rombout"]
[Black "Salama, Henrique Eric"]
[Result "1-0"]
[WhiteElo "1853"]
[BlackElo "1777"]
[PlyCount "37"]
[EventDate "2013.01.12"]
[EventType "tourn"]
[EventRounds "9"]
[EventCountry "BRA"]
[SourceTitle "EXT 2015"]
[Source "ChessBase"]
[SourceDate "2014.11.20"]
[SourceVersion "1"]
[SourceVersionDate "2014.11.20"]
[SourceQuality "1"]

1. e4 c5 2. Nf3 Nc6 3. d4 cxd4 4. Nxd4 e5 5. Nb5 d6 6. N1c3 a6 7. Na3 b5 8. Nd5 Nf6 9. Qf3 Rb8 10. c3 Bg4 11. Nxf6+ Qxf6 12. Qxg4 b4 13. Nc2 bxc3 14. bxc3 a5 15. Bc4 Rb6 16. Be3 Rb8 17. 0-0 h6 18. Rab1 Rd8 19. Bb5 1-0

[Event "Sao Paulo Politechnic School 3rd"]
[Site "Sao Paulo"]
[Date "2013.01.16"]
[Round "7"]
[White "Salama, Henrique Eric"]
[Black "Lisboa Torres, Eduardo"]
[Result "0-1"]
[WhiteElo "1777"]
[BlackElo "1826"]
[PlyCount "80"]
[EventDate "2013.01.12"]
[EventType "tourn"]
[EventRounds "9"]
[EventCountry "BRA"]
[SourceTitle "EXT 2015"]
[Source "ChessBase"]
[SourceDate "2014.11.20"]
[SourceVersion "1"]
[SourceVersionDate "2014.11.20"]
[SourceQuality "1"]

1. d4 Nf6 2. c4 g6 3. Nf3 Bg7 4. e3 d6 5. Bd3 Nbd7 6. 0-0 e5 7. Nc3 0-0 8. Qc2 Re8 9. Re1 Ng4 10. Be2 f5 11. h3 Ngf6 12. dxe5 dxe5 13. b3 c5 14. Rd1 e4 15. Ne1 b6 16. Bb2 Bb7 17. Rd2 Qc7 18. Nb5 Qb8 19. Rad1 Re7 20. Bxf6 Nxf6 21. Rd8+ Qxd8 22. Rxd8+ Rxd8 23. Nxa7 Red7 24. Qb1 Rd2 25. Kf1 Ra8 26. Nb5 Raxa2 27. Bd1 Nd7 28. Nc2 Rdxc2 29. Bxc2 Ra1 30. Ke2 Rxb1 31. Bxb1 Be5 32. Na3 Bb2 33. Nc2 Ba6 34. g3 Ne5 35. Ne1 b5 36. cxb5 Bxb5+ 37. Kd1 Bc3 38. Ng2 g5 39. Kc2 Ba5 40. Kc1 Bf1 0-1

[Event "Sao Paulo Politechnic School 3rd"]
[Site "Sao Paulo"]
[Date "2013.01.15"]
[Round "6"]
[White "Luz, Arthur Nader"]
[Black "Salama, Henrique Eric"]
[Result "1-0"]
[WhiteElo "1754"]
[BlackElo "1777"]
[PlyCount "37"]
[EventDate "2013.01.12"]
[EventType "tourn"]
[EventRounds "9"]
[EventCountry "BRA"]
[SourceTitle "EXT 2015"]
[Source "ChessBase"]
[SourceDate "2014.11.20"]
[SourceVersion "1"]
[SourceVersionDate "2014.11.20"]
[SourceQuality "1"]

1. d4 d5 2. c4 Nf6 3. cxd5 Qxd5 4. Nc3 Qa5 5. e3 e6 6. Bd3 Be7 7. Nf3 Nbd7 8. 0-0 0-0 9. e4 Qh5 10. Bf4 c5 11. d5 exd5 12. exd5 Ne8 13. d6 Nxd6 14. Bxd6 Bxd6 15. Bxh7+ Qxh7 16. Qxd6 Qf5 17. Nd5 b6 18. Ne7+ Kh8 19. Nxf5 1-0

[Event "Sao Paulo Hebraica 08th"]
[Site "Sao Paulo"]
[Date "2011.01.15"]
[Round "9"]
[White "Aoyama, Edmundo"]
[Black "Salama, Henrique Eric"]
[Result "1/2-1/2"]
[WhiteElo "1955"]
[BlackElo "1880"]
[PlyCount "21"]
[EventDate "2011.01.08"]
[EventType "tourn"]
[EventRounds "9"]
[EventCountry "BRA"]
[SourceTitle "EXT 2014"]
[Source "ChessBase"]
[SourceDate "2013.11.20"]
[SourceVersion "1"]
[SourceVersionDate "2013.11.20"]
[SourceQuality "1"]

1. Nf3 b6 2. g3 Na6 3. Bg2 c6 4. 0-0 Nc7 5. d4 g6 6. c3 Bg7 7. e4 f6 8. Nbd2 Nh6 9. Re1 Kf7 10. Nf1 Rf8 11. h3 1/2-1/2

[Event "Sao Paulo Hebraica 08th"]
[Site "Sao Paulo"]
[Date "2011.01.14"]
[Round "8"]
[White "Salama, Henrique Eric"]
[Black "Roverso, Leandro"]
[Result "0-1"]
[WhiteElo "1880"]
[BlackElo "1874"]
[PlyCount "42"]
[EventDate "2011.01.08"]
[EventType "tourn"]
[EventRounds "9"]
[EventCountry "BRA"]
[SourceTitle "EXT 2014"]
[Source "ChessBase"]
[SourceDate "2013.11.20"]
[SourceVersion "1"]
[SourceVersionDate "2013.11.20"]
[SourceQuality "1"]

1. d4 Nf6 2. Nf3 g6 3. e3 d5 4. c4 c6 5. Nc3 Bg7 6. Be2 0-0 7. 0-0 Nbd7 8. h3 dxc4 9. Bxc4 b5 10. Bd3 Bb7 11. b4 a5 12. bxa5 Qxa5 13. Bd2 b4 14. Ne4 e5 15. Qb3 c5 16. dxc5 Nxe4 17. Bxb4 Nexc5 18. Bxa5 Nxb3 19. axb3 e4 20. Bb4 Rxa1 21. Rxa1 Bxa1 0-1

[Event "Sao Paulo Hebraica 5th"]
[Site "Sao Paulo"]
[Date "2008.04.10"]
[Round "5"]
[White "Abdalla, Luiz Guilherme"]
[Black "Salama, Henrique Eric"]
[Result "1-0"]
[WhiteElo "2022"]
[BlackElo "1927"]
[PlyCount "51"]
[EventDate "2008.04.06"]
[EventType "tourn"]
[EventRounds "9"]
[EventCountry "BRA"]
[SourceTitle "EXT 2022"]
[Source "ChessBase"]
[SourceDate "2021.10.06"]
[SourceVersion "1"]
[SourceVersionDate "2021.10.06"]
[SourceQuality "1"]

1. d4 d5 2. c4 Nf6 3. cxd5 Nxd5 4. e4 Nf6 5. Nc3 c6 6. Bc4 e6 7. Nf3 Bb4 8. Qe2 0-0 9. 0-0 Bxc3 10. bxc3 Nbd7 11. e5 Nd5 12. Bd2 N7b6 13. Bd3 f5 14. exf6 Nxf6 15. Rfe1 Re8 16. Ne5 Nbd7 17. Rad1 Qc7 18. Qf3 Rf8 19. Qh3 Qd6 20. Bg5 h6 21. Bxh6 gxh6 22. Qxh6 Qe7 23. Re3 Nxe5 24. dxe5 Ng4 25. Rg3 Qg7 26. Rxg4 1-0